| 000 | 00709nam a2200253Ia 4500 | ||
|---|---|---|---|
| 003 | OSt | ||
| 005 | 20220918231154.0 | ||
| 006 | a|||||r|||| 00| 0 | ||
| 007 | ta | ||
| 008 | 220917b |||||||| |||| 00| 0 eng d | ||
| 024 | _a265,020 | ||
| 037 | _cTextual | ||
| 040 |
_aARTS _cARTS _beng |
||
| 041 |
_2eng _aeng |
||
| 082 | _aZ0bS, M0 | ||
| 100 |
_aSchwitzgebel Robert L _9153929 |
||
| 245 | 0 | _aLaw and psychological practice | |
| 260 |
_aNewYork _bJohn Wiley and Sons _c1980 |
||
| 300 |
_axv,416p _ccm. |
||
| 650 |
_aLAW _97240 |
||
| 700 |
_a Schwitzgebel R Kirkland _9153930 |
||
| 942 |
_hZ0bS, M0 _cTEXL _2CC |
||
| 999 |
_c290038 _d290038 |
||